Musique - 1 album par année (1960-1980) - Images - Statistiques

Statistiques générales
  • Ce quiz a été pris 142 fois
  • Le résultat moyen est 12 sur 20
Statistiques - réponses
Par images Hint Réponse % Correct
1969 The Beatles - Abbey Road
96%
1961 Elvis Presley - Blue Hawaii
92%
1973 Pink Floyd - The Dark Side of the Moon
90%
1975 Queen - A Night at the Opera
80%
1962 Serge Gainsbourg - No 4
80%
1979 AC/DC - Highway to Hell
79%
1980 ABBA - Super Trouper
67%
1978 The Rolling Stones - Some Girls
66%
1968 Jacques Brel - J'arrive
61%
1964 Barbara - Dis, quand reviendras-tu ?
59%
1976 Eagles - Hotel California
59%
1963 Bob Dylan - The Freewheelin
55%
1972 David Bowie - The Rise and Fall of Ziggy Stardust
52%
1966 The Beach Boys - Pet Sounds
44%
1965 The Who - My Generation
44%
1971 Led Zeppelin - Led Zeppelin IV
42%
1967 The Doors - Strange Days
39%
1974 Supertramp - Crime of the Century
35%
1977 Bob Marley & The Wailers - Exodus
30%
1970 Deep Purple - In Rock
24%
Aucun quiz correspondant
Distribution des résultats
% des personnes avec chaque résultat
Percentile par nombre de réponses
Votre historique - résultats
Vous n’avez pas pris ce quiz